000 01467nam a2200277 a 4500
001 71116
003 BD-RjUL
005 20211209082059.0
008 170426s1983 bg a|||| b||| 00| 0 ben d
020 _c: TK. 28.00
035 _a(BD-RjUL)71331
040 _aBD-RjUL
_bben
_cBD-RjUL
_dBD-RjUL
041 _aben
082 _223
_a305.5095492
_bCHB 1983
100 _aচৌধুরী, আনোয়ারউল্লাহ
_9210410
245 _aবাংলাদেশের একটি গ্রাম :
_bসামাজিক স্তরবিন্যাসের একটি সমীক্ষা /
_cআনোয়ারউল্লাহ চৌধুরী;অনুবাদ, মুহম্মদ হাবিবুর রহমান; মোহাম্মদ ইমদাদুল হক
250 _a১ম সং.
260 _aঢাকা :
_bএসোসিয়েটেড বুক কোম্পানী,
_c১৯৮৩.
300 _a১৬৮ পৃ. :
_bচিত্র. ;
_c২৪ সেমি.
504 _aগ্রন্থপঞ্জি সংযুক্ত.
650 _aসামাজিক শ্রেণী
_zবাংলাদেশ-মেহেরপুর
_9210411
650 _aSocial classes
_zBangladesh-Meherpur
_9210412
700 _aরহমান, মুহম্মদ হাবিবুর
_9210413
700 _aহক, মোহাম্মদ ইমদাদুল
_9210414
942 _2ddc
_cBK
999 _c71116
_d71116